000 00258nam a22001217a 4500
008 170703b xxu||||| |||| 00| 0 eng d
041 _aeng
080 _a82
100 _a22
101 _aGJL
245 _aPAGEANT OF EUROPE
_cSTEARNS, R.P
942 _2udc
_cBK
999 _c19825
_d19825